Love medicine /

Sparad:
Bibliografiska uppgifter
Huvudupphovsman: Erdrich, Louise.
Materialtyp: Bok
Språk:English
Publicerad: New York : HarperPerennial, 1998.
Ämnen:
Taggar: Lägg till en tagg
Inga taggar, Lägg till första taggen!
Thư viện lưu trữ: Mạng thư viện Đại học Đà Nẵng
LEADER 00801cam a2200325 i 4500
001 000045818
003 5017
005 20030318153300.0
008 010220|1998 vm 000 eng
020 |a 0060975547 
040 |a IRC  |c IRC  |d IRC 
041 0 |a eng 
082 1 4 |a 813.54  |b ER-L 
100 1 |a Erdrich, Louise. 
245 0 0 |a Love medicine /  |c Louise Edrich. 
260 |a New York :  |b HarperPerennial,  |c 1998. 
300 |a x, 367p. 
630 0 4 |a Indians of North America Fiction. 
650 0 4 |a American fiction. 
651 4 |a North Dakota  |x Fiction. 
OWN |a DUT 
999 |a From the UDN01 
TYP |a Monograph 
TYP |a Printed language 
980 |a Mạng thư viện Đại học Đà Nẵng